From here to sustainability (Record no. 63304)
[ view plain ]
| 000 -LEADER | |
|---|---|
| fixed length control field | 00812nam a2200205 a 4500 |
| 008 - FIXED-LENGTH DATA ELEMENTS--GENERAL INFORMATION | |
| fixed length control field | 120416s2001 ||||||||||||||||| || u |
| 020 ## - INTERNATIONAL STANDARD BOOK NUMBER | |
| International Standard Book Number | 1853837350 |
| 050 ## - LIBRARY OF CONGRESS CALL NUMBER | |
| Classification number | HM 33 Dim |
| 100 ## - MAIN ENTRY--PERSONAL NAME | |
| Personal name | Dimbleby, Jonathan |
| 245 10 - TITLE STATEMENT | |
| Title | From here to sustainability |
| 246 ## - | |
| -- | politics in the real world |
| 260 ## - PUBLICATION, DISTRIBUTION, ETC. | |
| Place of publication, distribution, etc. | London |
| Name of publisher, distributor, etc. | Earthscan |
| Date of publication, distribution, etc. | 2001 |
| 300 ## - PHYSICAL DESCRIPTION | |
| Extent | xvi, 223p. : ill. |
| 350 ## - | |
| -- | 0.00 |
| 500 ## - GENERAL NOTE | |
| General note | Bibliography. |
| 650 ## - SUBJECT ADDED ENTRY--TOPICAL TERM | |
| Topical term or geographic name entry element | SUSTAINABLE DEVELOPMENT--ARAB REGION |
| 700 ## - ADDED ENTRY--PERSONAL NAME | |
| Personal name | Warburton, Diane |
| 995 ## - | |
| -- | BINDERY (DAMAGED) |
| -- | 0.00 |
| -- | 735983 |
| -- | CBU-MAIN LIBRARY (Kitwe) |
| -- | 2 |
| -- | 8.95 |
| -- | HM 33 Dim |
| -- | 2 |
| -- | DAMAGED |
| -- | Oct 3, 2006 |
| -- | 38758 |
| -- | Main Library Open Access Collection |
| 995 ## - | |
| -- | MAIN LIBRARY OPEN ACCESS |
| -- | 0.00 |
| -- | 38773 |
| -- | CBU-MAIN LIBRARY (Kitwe) |
| -- | 1 |
| -- | 8.95 |
| -- | HM 33 Dim |
| -- | AVAILABLE |
| -- | 38773 |
| -- | Main Library Open Access Collection |
| 999 ## - | |
| -- | 63304 |
| -- | 63304 |
| Withdrawn status | Lost status | Source of classification or shelving scheme | Damaged status | Not for loan | Permanent Location | Current Location | Shelving location | Date acquired | Total Checkouts | Full call number | Barcode | Date last seen | Price effective from | Koha item type |
|---|---|---|---|---|---|---|---|---|---|---|---|---|---|---|
| CBU-MAIN LIBRARY, KITWE. | CBU-MAIN LIBRARY, KITWE. | 12/24/2022 | HM 33 Dim | 38758 | 12/24/2022 | 12/24/2022 | MONOGRAPH | |||||||
| CBU-MAIN LIBRARY, KITWE. | CBU-MAIN LIBRARY, KITWE. | 12/24/2022 | HM 33 Dim | 38773 | 12/24/2022 | 12/24/2022 | MONOGRAPH |